书目信息 |
| 题名: |
新起点大学基础英语教程
|
|
| 作者: | 杨治中 总主编 ;王海啸 主编 | |
| 分册: | 1 读写教程 | |
| 出版信息: | 北京 外语教学与研究出版社 2008 |
|
| 页数: | 205页 | |
| 开本: | 26cm | |
| 丛书名: | ||
| 单 册: | ||
| 中图分类: | H31 , H319.4 | |
| 科图分类: | ||
| 主题词: | 英语--高等教育--教材 , 英语--阅读教学--高等教育--教材 , 英语--写作--高等教育--教材 , 英语 , 阅读教学 , 写作 | |
| 电子资源: | ||
| ISBN: | 978-7-5600-7279-1 | |
| 000 | 01348nam0 2200373 45 | |
| 001 | 1132141109 | |
| 005 | 20110315112849.03 | |
| 010 | @a978-7-5600-7279-1@dCNY24.90 | |
| 100 | @a20110110e20102008em y0chiy50 ea | |
| 101 | 0 | @achi@aeng |
| 102 | @aCN@b110000 | |
| 105 | @ay z 000yy | |
| 106 | @ar | |
| 200 | 1 | @a新起点大学基础英语教程@AXin Qi Dian Da Xue Ji Chu Ying Yu Jiao Cheng@i读写教程@IDu Xie Jiao Cheng@h1@f杨治中总主编@FYang Zhi Zhong Zong Zhu Bian@g王海啸主编 |
| 205 | @a修订版 | |
| 210 | @a北京@c外语教学与研究出版社@d2008@h2010 | |
| 215 | @a205页@d26cm@e附光盘1片 | |
| 300 | @a普通高等教育“十一五”国家级规划教材 | |
| 304 | @a英文共同题名:New essential college English | |
| 307 | @a附光盘:ISBN 978-7-900762-84-9 | |
| 330 | @a本书共12个单元,每单元由3部分组成。第一部分侧重阅读理解的训练;第二部分针对本单元阅读课文中所涉及的词汇和短语进行讲解;第三部分是写作训练。 | |
| 510 | 1 | @aNew essential college English@zeng |
| 606 | 0 | @a英语@x高等教育@j教材 |
| 606 | 0 | @a英语@x阅读教学@x高等教育@j教材 |
| 606 | 0 | @a英语@x写作@x高等教育@j教材 |
| 606 | 0 | @a英语 |
| 606 | 0 | @a阅读教学 |
| 606 | 0 | @a写作 |
| 690 | @aH31@v4 | |
| 690 | @aH319.4@v4 | |
| 701 | 0 | @a杨治中@AYang Zhi Zhong@4总主编 |
| 702 | 0 | @a王海啸@AWang Hai Xiao@4主编 |
| 801 | 0 | @aCN@bTANGWEI@c20110315 |
| 905 | @b0533094-98@dH31@e1544:1@f5 | |
| 新起点大学基础英语教程.读写教程.1/杨治中总主编/王海啸主编.-修订版.-北京:外语教学与研究出版社,2008(2010) |
| 205页;26cm+附光盘1片 |
| 普通高等教育“十一五”国家级规划教材 |
| ISBN 978-7-5600-7279-1:CNY24.90 |
| 本书共12个单元,每单元由3部分组成。第一部分侧重阅读理解的训练;第二部分针对本单元阅读课文中所涉及的词汇和短语进行讲解;第三部分是写作训练。 |
| ● |
| 相关链接 |
|
|
|
|
正题名:新起点大学基础英语教程
索取号:H31/1544:1
 
预约/预借
| 序号 | 登录号 | 条形码 | 馆藏地/架位号 | 状态 | 备注 |
| 1 | 0533094 | 205330943 | 第二样本阅览室/ [索取号:H31/1544:1] | 在馆 | |
| 2 | 0533095 | 205330952 | 第四借阅区/ [索取号:H31/1544:1] | 在馆 | |
| 3 | 0533096 | 205330961 | 第四借阅区/ [索取号:H31/1544:1] | 在馆 | |
| 4 | 0533097 | 205330970 | 第四借阅区/ [索取号:H31/1544:1] | 在馆 | |
| 5 | 0533098 | 205330989 | 密集书库—外国语学院/ [索取号:H31/1544:1] | 在馆 |